00574nam a2200193Ia 4500008004100000020001500041082001700056100002700073245003800100250000600138260003600144300001000180500002400190650001800214700002700232942000700259952009700266999001700363230524s9999 xx 000 0 und d a8188454732 a658.382bPRA aAnupama Prashar941943 0aIndustrial Safety and Environment a1 aNew DelhibKataria & Sonsc2012 a273p; aQuantity Number: 1 aEnvironmental aPratibha Bansal941944 cBK 00104070aTATCLbTATCLcGENd2023-05-24l0o658.382 PRAp53810r2023-05-24w2023-05-24yBK c56363d56363